Statistiques concernant Anagrammes de départements français en énigmes

Cliquez ici pour prendre le quiz!

Statistiques générales

  • Ce quiz a été pris 2 717 fois
  • Le résultat moyen est 12 sur 30

Statistiques - réponses

IndiceRéponse% Correct
Femelle du coqPOULE
95%
? + jument = muleÂNE
89%
L'Élysée en est unPALAIS
78%
Monnaie nipponeYEN
77%
Instrument anglais ou de chasseCOR
71%
Première forme de certains insectesLARVE
59%
Court poignardDAGUE
56%
Marchand, Bedos, Carlier,...GUY
55%
ÂNE + GUYGUYANE
51%
Téta, aspiraSUÇA
48%
Très poiluVELU
44%
Pistache! (verbe)TACHER
40%
Cafés sans caféineDÉCAS
39%
LIEN + YVESYVELINES
39%
DÉCAS + PALAISPAS-DE-CALAIS
37%
DAGUE + POULEGUADELOUPE
32%
PourvuDOTÉ
31%
Ceci en est unLIEN
31%
Celui qui monte est à bicyclette ♬YVES
31%
VELU + SUÇAVAUCLUSE
30%
Condamné aux supplices de l'EnferDAMNÉ
29%
DOTÉ + CORCÔTE-D'OR
24%
OVRA + YENAVEYRON
20%
Imiteraient, reproduiraientMIMERAIENT
18%
MIMERAIENT + TÂCHECHARENTE-MARITIME
16%
DAMNÉ + LARVEVAL-DE-MARNE
16%
Police politique de l'Italie fascisteOVRA
15%
Arbuste à fleurs jaunesGENÊT
10%
GENÊT + ORTOLANLOT-ET-GARONNE
10%
Oiseau européen en voie d'extinctionORTOLAN
4%

Distribution des résultats

Percentile par nombre de réponses

% des personnes avec chaque résultat

Votre développement - résultats

Vous n’avez pas pris ce quiz